| 000 | 01224nam a22003617a 4500 | ||
|---|---|---|---|
| 003 | CHAP | ||
| 005 | 20220817042914.0 | ||
| 008 | 971013s1993 r 00010 d | ||
| 010 | _a59507 | ||
| 011 | _a60479 | ||
| 035 | _a64641 | ||
| 040 | _cCHAP | ||
| 082 |
_a632.9 _bC67 |
||
| 100 | 0 | 0 |
_aCorey, Sharon A. _eed. _927994 |
| 245 | _aPest control & sustainable agriculture | ||
| 260 |
_aMelbourne : _bCommonwealth Scientific and Industrial Research Organization, _c1993 |
||
| 300 | _a514 p. | ||
| 590 |
_aBATCH-UPD _b10 _c20130110 _lUCH01 _h0353 |
||
| 590 |
_aBATCH-UPD _b10 _c20130110 _lUCH01 _h1833 |
||
| 590 |
_aBATCH-UPD _b10 _c20130410 _lUCH01 _h0026 |
||
| 590 |
_aBATCH-UPD _b10 _c20130913 _lUCH01 _h2218 |
||
| 590 |
_aCONVERSION _b10 _c20130109 _lUCH01 _h1332 |
||
| 650 | 1 | 4 | _aAgricultura sustentable. |
| 650 | 1 | 4 |
_aControl biológico de plagas. _927587 |
| 650 | 1 | 4 |
_aControl de plagas. _927595 |
| 650 | 1 | 4 |
_aManejo integrado de plagas. _970365 |
| 700 | 0 |
_aDall, David James. _930953 |
|
| 700 | 0 |
_aMilne, Wendy M. _975874 |
|
| 711 | 0 |
_aAustralian Applied Entomological Research. _98390 |
|
| 901 | _aBK | ||
| 942 | _cLIBRO | ||
| 949 |
_a632.9 C67 _bBC _cLIBRO _d33724000084190 _eLIBRO _gI. 180769 _h90108 _i64641 _si _t647.00 |
||
| 999 |
_c59507 _d59507 |
||